Die Evolution der Wahrnehmung des Kunden dizertačná práca

Gespeichert in:
Bibliographische Detailangaben
1. Verfasser: Huber, Florian
Körperschaft: Ekonomická univerzita v Bratislave. Obchodná fakulta
Weitere Verfasser: Lesáková, Dagmar, 1949-
Format: Buch
Sprache:Deutsch
Veröffentlicht: Bratislava 2006
Schlagworte:
Tags: Tag hinzufügen
Keine Tags, Fügen Sie das erste Tag hinzu!

MARC

LEADER 00000nbm a2200000 4500
001 0178751
005 20221207101026.1
041 0 |a ger 
044 |a SK 
245 1 0 |a Die Evolution der Wahrnehmung des Kunden  |b dizertačná práca  |c Florian Huber ; školiteľ: Dagmar Lesáková 
264 1 |a Bratislava  |c 2006 
300 |a 204 s. 
610 2 0 |a zákazníci 
610 2 0 |a kultúra podniková 
610 2 0 |a riadenie ľudských zdrojov 
100 1 |a Huber, Florian 
700 1 |a Lesáková, Dagmar, 1949- 
710 2 |a Ekonomická univerzita v Bratislave. Obchodná fakulta